[Event "Rapid Tournament (RAP)"]
[Site "Biel, CH"]
[Date "2025.07.13"]
[Round "7"]
[White "Boyer, Jean-Francois"]
[Black "Ranieri, Pierpaolo"]
[Result "0-1"]
[Board "45"]
[WhiteFideId "650226"]
[BlackFideId "893986"]
[WhiteElo "1697"]
[BlackElo "1882"]
[WhiteTeam "FRA"]
[BlackTeam "ITA"]
[WhiteClock "0:02:26"]
[BlackClock "0:09:57"]
[Variant "Standard"]

1. e4 {[%clk 0:15:07]}  d6 {[%clk 0:15:09]} 2. d4 {[%clk 0:15:08]}  Nf6 {[%clk 0:15:12]} 3. Nc3 {[%clk 0:15:05]}  g6 {[%clk 0:15:15]} 4. Nf3 {[%clk 0:14:49]}  Bg7 {[%clk 0:15:19]} 5. h3 {[%clk 0:14:28]}  O-O {[%clk 0:15:16]} 6. Bd3 {[%clk 0:13:59]}  Nbd7 {[%clk 0:15:04]} 7. Be3 {[%clk 0:13:34]}  e5 {[%clk 0:14:47]} 8. dxe5 {[%clk 0:13:17]}  Nxe5 {[%clk 0:14:46]} 9. Nxe5 {[%clk 0:13:08]}  dxe5 {[%clk 0:14:48]} 10. Qe2 {[%clk 0:12:49]}  c6 {[%clk 0:14:49]} 11. O-O-O {[%clk 0:10:07]}  Qa5 {[%clk 0:14:49]} 12. Kb1 {[%clk 0:09:18]}  b5 {[%clk 0:14:44]} 13. Qe1 {[%clk 0:08:46]}  Be6 {[%clk 0:14:27]} 14. Nd5 {[%clk 0:08:15]}  Qa6 {[%clk 0:13:25]} 15. Nxf6+ {[%clk 0:07:33]}  Bxf6 {[%clk 0:13:27]} 16. b3 {[%clk 0:07:36]}  Qb7 {[%clk 0:12:45]} 17. Bc5 {[%clk 0:07:14]}  Be7 {[%clk 0:12:34]} 18. Qe3 {[%clk 0:07:01]}  a5 {[%clk 0:12:24]} 19. g4 {[%clk 0:06:08]}  b4 {[%clk 0:11:05]} 20. g5 {[%clk 0:05:57]}  a4 {[%clk 0:11:02]} 21. h4 {[%clk 0:05:57]}  axb3 {[%clk 0:11:04]} 22. cxb3 {[%clk 0:05:54]}  Ra5 {[%clk 0:10:36]} 23. Bxe7 {[%clk 0:05:25]}  Qxe7 {[%clk 0:10:39]} 24. h5 {[%clk 0:05:27]}  Rfa8 {[%clk 0:10:33]} 25. Rd2 {[%clk 0:05:29]}  Bxb3 {[%clk 0:10:24]} 26. hxg6 {[%clk 0:05:20]}  fxg6 {[%clk 0:10:19]} 27. Qe2 {[%clk 0:03:10]}  Bxa2+ {[%clk 0:10:00]} 28. Rxa2 {[%clk 0:03:13]}  Rxa2 {[%clk 0:10:03]} 29. Bc4+ {[%clk 0:03:17]}  Kg7 {[%clk 0:10:03]} 30. Bxa2 {[%clk 0:03:21]}  b3 {[%clk 0:09:55]} 31. Bxb3 {[%clk 0:03:18]}  Qb4 {[%clk 0:09:57]} 32. Qb2 {[%clk 0:03:12]}  Qxe4+ {[%clk 0:09:57]} 33. Qc2 {[%clk 0:02:26]}  Qxh1+ {[%clk 0:09:57]} 0-1

[Event "Rapid Tournament (RAP)"]
[Site "Biel, CH"]
[Date "2025.07.13"]
[Round "7"]
[White "Kubanyi, Robert"]
[Black "Schreiber, Edwin"]
[Result "1/2-1/2"]
[Board "46"]
[WhiteFideId "23746866"]
[BlackFideId "2011921"]
[WhiteElo "1711"]
[BlackElo "1863"]
[WhiteTeam "CZE"]
[BlackTeam "USA"]
[WhiteClock "0:03:11"]
[BlackClock "0:05:48"]
[Variant "Standard"]

1. e4 {[%clk 0:15:09]}  c5 {[%clk 0:14:39]} 2. Nf3 {[%clk 0:15:11]}  g6 {[%clk 0:14:44]} 3. c3 {[%clk 0:14:57]}  d5 {[%clk 0:14:40]} 4. exd5 {[%clk 0:14:56]}  Nf6 {[%clk 0:14:43]} 5. c4 {[%clk 0:14:44]}  e6 {[%clk 0:14:43]} 6. dxe6 {[%clk 0:14:30]}  Bxe6 {[%clk 0:14:45]} 7. Be2 {[%clk 0:14:26]}  Bg7 {[%clk 0:14:41]} 8. Nc3 {[%clk 0:14:15]}  O-O {[%clk 0:14:38]} 9. O-O {[%clk 0:14:17]}  Nc6 {[%clk 0:14:39]} 10. Re1 {[%clk 0:13:01]}  Nd4 {[%clk 0:14:06]} 11. d3 {[%clk 0:12:18]}  Nxe2+ {[%clk 0:13:44]} 12. Qxe2 {[%clk 0:12:09]}  Re8 {[%clk 0:13:16]} 13. Be3 {[%clk 0:11:45]}  Ng4 {[%clk 0:11:56]} 14. Ng5 {[%clk 0:09:15]}  Nxe3 {[%clk 0:11:34]} 15. Nxe6 {[%clk 0:09:15]}  Rxe6 {[%clk 0:10:32]} 16. fxe3 {[%clk 0:09:18]}  Qe8 {[%clk 0:09:26]} 17. Nd5 {[%clk 0:08:44]}  Qd8 {[%clk 0:08:50]} 18. Qf3 {[%clk 0:07:38]}  Rb8 {[%clk 0:07:58]} 19. Re2 {[%clk 0:07:17]}  b5 {[%clk 0:08:00]} 20. Rf1 {[%clk 0:06:58]}  f5 {[%clk 0:07:49]} 21. b3 {[%clk 0:06:40]}  bxc4 {[%clk 0:07:38]} 22. dxc4 {[%clk 0:06:40]}  Re4 {[%clk 0:07:37]} 23. Rd1 {[%clk 0:06:18]}  Qg5 {[%clk 0:06:57]} 24. Red2 {[%clk 0:04:34]}  Rbe8 {[%clk 0:06:48]} 25. Rd3 {[%clk 0:04:28]}  Bh6 {[%clk 0:06:24]} 26. Re1 {[%clk 0:03:53]}  Bg7 {[%clk 0:05:48]} 27. Kf2 {[%clk 0:03:11]} 1/2-1/2

[Event "Rapid Tournament (RAP)"]
[Site "Biel, CH"]
[Date "2025.07.13"]
[Round "7"]
[White "Koehler, Noe"]
[Black "Shumilov, Ruslan"]
[Result "0-1"]
[Board "47"]
[WhiteFideId "1362488"]
[BlackFideId "1360183"]
[WhiteElo "1680"]
[BlackElo "1839"]
[WhiteTeam "SUI"]
[BlackTeam "SUI"]
[WhiteClock "0:04:33"]
[BlackClock "0:04:36"]
[Variant "Standard"]

1. Nf3 {[%clk 0:15:09]}  Nf6 {[%clk 0:15:09]} 2. b3 {[%clk 0:15:13]}  b6 {[%clk 0:15:11]} 3. Bb2 {[%clk 0:15:16]}  Bb7 {[%clk 0:15:15]} 4. e3 {[%clk 0:15:20]}  h5 {[%clk 0:14:52]} 5. Be2 {[%clk 0:15:15]}  h4 {[%clk 0:14:46]} 6. h3 {[%clk 0:15:07]}  d5 {[%clk 0:14:21]} 7. c4 {[%clk 0:15:10]}  e6 {[%clk 0:13:47]} 8. Qc2 {[%clk 0:14:53]}  Nbd7 {[%clk 0:13:24]} 9. O-O {[%clk 0:14:14]}  c5 {[%clk 0:12:20]} 10. cxd5 {[%clk 0:13:52]}  Nxd5 {[%clk 0:11:51]} 11. a3 {[%clk 0:12:55]}  Rh5 {[%clk 0:11:07]} 12. d3 {[%clk 0:11:07]}  N7f6 {[%clk 0:10:55]} 13. Nbd2 {[%clk 0:09:50]}  Bd6 {[%clk 0:10:18]} 14. e4 {[%clk 0:09:28]}  Nf4 {[%clk 0:10:16]} 15. Nc4 {[%clk 0:08:38]}  Bc7 {[%clk 0:08:08]} 16. d4 {[%clk 0:07:36]}  Bxe4 {[%clk 0:07:53]} 17. Qd2 {[%clk 0:07:17]}  g5 {[%clk 0:06:57]} 18. dxc5 {[%clk 0:06:24]}  Qxd2 {[%clk 0:06:53]} 19. Ncxd2 {[%clk 0:06:28]}  Nxe2+ {[%clk 0:06:54]} 20. Kh1 {[%clk 0:06:19]}  Bxf3 {[%clk 0:06:26]} 21. Bxf6 {[%clk 0:05:49]}  Bd5 {[%clk 0:05:39]} 22. Rfe1 {[%clk 0:05:39]}  Nf4 {[%clk 0:05:41]} 23. f3 {[%clk 0:05:08]}  bxc5 {[%clk 0:04:54]} 24. Rac1 {[%clk 0:04:59]}  Nd3 {[%clk 0:04:50]} 25. g4 {[%clk 0:04:33]}  hxg3 {[%clk 0:04:36]} 0-1

[Event "Rapid Tournament (RAP)"]
[Site "Biel, CH"]
[Date "2025.07.13"]
[Round "7"]
[White "Guidi, Elia"]
[Black "Klopfenstein, Francois"]
[Result "0-1"]
[Board "48"]
[WhiteFideId "1351931"]
[BlackFideId "1303040"]
[WhiteElo "1653"]
[BlackElo "1835"]
[WhiteTeam "SUI"]
[BlackTeam "SUI"]
[WhiteClock "0:04:02"]
[BlackClock "0:02:45"]
[Variant "Standard"]

1. d4 {[%clk 0:15:06]}  Nf6 {[%clk 0:15:09]} 2. c4 {[%clk 0:15:10]}  e6 {[%clk 0:15:12]} 3. Nc3 {[%clk 0:15:14]}  Bb4 {[%clk 0:15:16]} 4. Qc2 {[%clk 0:15:01]}  O-O {[%clk 0:15:18]} 5. a3 {[%clk 0:15:05]}  Bxc3+ {[%clk 0:15:20]} 6. Qxc3 {[%clk 0:15:08]}  Ne4 {[%clk 0:15:24]} 7. Qc2 {[%clk 0:15:02]}  f5 {[%clk 0:15:27]} 8. Bf4 {[%clk 0:14:56]}  d6 {[%clk 0:12:42]} 9. e3 {[%clk 0:14:09]}  Nd7 {[%clk 0:11:47]} 10. Bd3 {[%clk 0:13:59]}  Nef6 {[%clk 0:11:29]} 11. h3 {[%clk 0:13:21]}  b6 {[%clk 0:11:30]} 12. Ne2 {[%clk 0:10:48]}  Bb7 {[%clk 0:11:26]} 13. Rg1 {[%clk 0:10:32]}  Qe7 {[%clk 0:10:14]} 14. g4 {[%clk 0:10:31]}  e5 {[%clk 0:09:15]} 15. dxe5 {[%clk 0:08:01]}  dxe5 {[%clk 0:09:17]} 16. g5 {[%clk 0:07:54]}  Nh5 {[%clk 0:09:07]} 17. Bxf5 {[%clk 0:07:53]}  exf4 {[%clk 0:08:05]} 18. Bxh7+ {[%clk 0:07:55]}  Kh8 {[%clk 0:08:08]} 19. Qg6 {[%clk 0:07:20]}  Qf7 {[%clk 0:07:43]} 20. Qd3 {[%clk 0:06:47]}  Ne5 {[%clk 0:07:32]} 21. Qc2 {[%clk 0:06:26]}  Nf3+ {[%clk 0:07:32]} 22. Kf1 {[%clk 0:06:24]}  Nxg1 {[%clk 0:07:29]} 23. Kxg1 {[%clk 0:06:24]}  fxe3 {[%clk 0:07:17]} 24. f4 {[%clk 0:04:25]}  Nxf4 {[%clk 0:06:30]} 25. g6 {[%clk 0:04:16]}  Nxh3+ {[%clk 0:04:44]} 26. Kh2 {[%clk 0:04:04]}  Qf2+ {[%clk 0:03:55]} 27. Kxh3 {[%clk 0:04:02]}  Bc8+ {[%clk 0:02:45]} 0-1

[Event "Rapid Tournament (RAP)"]
[Site "Biel, CH"]
[Date "2025.07.13"]
[Round "7"]
[White "Villiger, Jan"]
[Black "Nihal Saheer"]
[Result "1/2-1/2"]
[Board "49"]
[WhiteFideId "1340891"]
[BlackFideId "531012086"]
[WhiteElo "1827"]
[BlackElo "1615"]
[WhiteTeam "SUI"]
[BlackTeam "IND"]
[WhiteClock "0:00:52"]
[BlackClock "0:01:06"]
[Variant "Standard"]

1. e4 {[%clk 0:15:09]}  c6 {[%clk 0:15:10]} 2. d4 {[%clk 0:15:12]}  d5 {[%clk 0:15:14]} 3. e5 {[%clk 0:15:16]}  c5 {[%clk 0:15:18]} 4. dxc5 {[%clk 0:15:19]}  Nc6 {[%clk 0:15:23]} 5. Bb5 {[%clk 0:15:18]}  Bf5 {[%clk 0:14:10]} 6. Nf3 {[%clk 0:15:15]}  e6 {[%clk 0:14:06]} 7. Be3 {[%clk 0:14:06]}  Bg4 {[%clk 0:14:05]} 8. h3 {[%clk 0:12:54]}  Bxf3 {[%clk 0:13:59]} 9. Qxf3 {[%clk 0:12:57]}  Nge7 {[%clk 0:13:44]} 10. O-O {[%clk 0:12:24]}  Nf5 {[%clk 0:12:56]} 11. b4 {[%clk 0:11:47]}  Be7 {[%clk 0:12:26]} 12. c3 {[%clk 0:11:25]}  O-O {[%clk 0:12:14]} 13. Bxc6 {[%clk 0:10:41]}  bxc6 {[%clk 0:12:15]} 14. g4 {[%clk 0:10:02]}  Nh4 {[%clk 0:11:24]} 15. Qg3 {[%clk 0:09:29]}  f5 {[%clk 0:10:41]} 16. f4 {[%clk 0:08:47]}  fxg4 {[%clk 0:10:10]} 17. hxg4 {[%clk 0:08:50]}  Qe8 {[%clk 0:09:18]} 18. Nd2 {[%clk 0:08:28]}  Qg6 {[%clk 0:09:08]} 19. a4 {[%clk 0:07:51]}  Nf5 {[%clk 0:09:03]} 20. Qf3 {[%clk 0:07:25]}  Nxe3 {[%clk 0:08:56]} 21. Qxe3 {[%clk 0:07:29]}  Qxg4+ {[%clk 0:08:52]} 22. Kh2 {[%clk 0:07:14]}  Rf5 {[%clk 0:08:26]} 23. Rf3 {[%clk 0:07:16]}  Raf8 {[%clk 0:08:12]} 24. Raf1 {[%clk 0:05:55]}  Rh5+ {[%clk 0:07:07]} 25. Rh3 {[%clk 0:06:31]}  Rff5 {[%clk 0:07:01]} 26. Rff3 {[%clk 0:06:11]}  Rxh3+ {[%clk 0:06:30]} 27. Rxh3 {[%clk 0:06:10]}  Rxf4 {[%clk 0:06:27]} 28. Nf3 {[%clk 0:05:18]}  Re4 {[%clk 0:05:32]} 29. Qd3 {[%clk 0:05:08]}  Bg5 {[%clk 0:04:41]} 30. Qf1 {[%clk 0:01:51]}  Bf4+ {[%clk 0:03:48]} 31. Kh1 {[%clk 0:02:30]}  Re3 {[%clk 0:03:34]} 32. b5 {[%clk 0:02:03]}  Rxc3 {[%clk 0:03:04]} 33. b6 {[%clk 0:00:34]}  axb6 {[%clk 0:01:27]} 34. cxb6 {[%clk 0:01:19]}  Bxe5 {[%clk 0:00:15]} 35. Ng1 {[%clk 0:00:19]}  Qe4+ {[%clk 0:00:59]} 36. Qg2 {[%clk 0:00:24]}  Rxh3+ {[%clk 0:00:55]} 37. Nxh3 {[%clk 0:00:26]}  Qxg2+ {[%clk 0:00:58]} 38. Kxg2 {[%clk 0:00:30]}  c5 {[%clk 0:00:51]} 39. a5 {[%clk 0:00:34]}  c4 {[%clk 0:00:52]} 40. Kf3 {[%clk 0:00:33]}  Bd4 {[%clk 0:00:49]} 41. b7 {[%clk 0:00:35]}  Ba7 {[%clk 0:00:53]} 42. Nf4 {[%clk 0:00:37]}  Kf7 {[%clk 0:00:54]} 43. Ne2 {[%clk 0:00:34]}  Ke7 {[%clk 0:00:51]} 44. Nd4 {[%clk 0:00:38]}  Kd7 {[%clk 0:00:42]} 45. Nb5 {[%clk 0:00:39]}  Kc6 {[%clk 0:00:33]} 46. Nxa7+ {[%clk 0:00:38]}  Kxb7 {[%clk 0:00:37]} 47. Nb5 {[%clk 0:00:42]}  Ka6 {[%clk 0:00:40]} 48. Nc7+ {[%clk 0:00:44]}  Kxa5 {[%clk 0:00:43]} 49. Nxe6 {[%clk 0:00:48]}  c3 {[%clk 0:00:46]} 50. Ke3 {[%clk 0:00:51]}  h5 {[%clk 0:00:48]} 51. Nxg7 {[%clk 0:00:54]}  h4 {[%clk 0:00:52]} 52. Nf5 {[%clk 0:00:54]}  h3 {[%clk 0:00:51]} 53. Kf3 {[%clk 0:00:44]}  c2 {[%clk 0:00:52]} 54. Nd4 {[%clk 0:00:48]}  c1=Q {[%clk 0:00:54]} 55. Nb3+ {[%clk 0:00:52]}  Kb4 {[%clk 0:00:58]} 56. Nxc1 {[%clk 0:00:56]}  Kc3 {[%clk 0:01:00]} 57. Ne2+ {[%clk 0:00:58]}  Kd2 {[%clk 0:01:02]} 58. Nf4 {[%clk 0:01:01]}  h2 {[%clk 0:01:02]} 59. Kg2 {[%clk 0:01:05]}  Ke3 {[%clk 0:01:06]} 60. Nxd5+ {[%clk 0:00:52]} 1/2-1/2

[Event "Rapid Tournament (RAP)"]
[Site "Biel, CH"]
[Date "2025.07.13"]
[Round "7"]
[White "Mazzeo, Luigi"]
[Black "Fortier, Nicolas"]
[Result "1/2-1/2"]
[Board "50"]
[WhiteFideId "1367510"]
[BlackFideId "1308750"]
[WhiteElo "1658"]
[BlackElo "1816"]
[WhiteTeam "SUI"]
[BlackTeam "SUI"]
[WhiteClock "0:04:11"]
[BlackClock "0:07:40"]
[Variant "Standard"]

1. e4 {[%clk 0:15:04]}  e5 {[%clk 0:15:08]} 2. Nf3 {[%clk 0:15:06]}  Nc6 {[%clk 0:15:12]} 3. Bc4 {[%clk 0:15:06]}  Nf6 {[%clk 0:15:14]} 4. Ng5 {[%clk 0:14:43]}  d5 {[%clk 0:15:16]} 5. exd5 {[%clk 0:14:46]}  Na5 {[%clk 0:15:19]} 6. Bb5+ {[%clk 0:14:50]}  Bd7 {[%clk 0:15:23]} 7. Qe2 {[%clk 0:14:52]}  Be7 {[%clk 0:15:24]} 8. Nc3 {[%clk 0:14:38]}  O-O {[%clk 0:15:23]} 9. O-O {[%clk 0:13:46]}  c6 {[%clk 0:15:16]} 10. dxc6 {[%clk 0:13:40]}  Nxc6 {[%clk 0:15:16]} 11. Bd3 {[%clk 0:12:15]}  Re8 {[%clk 0:13:58]} 12. Nge4 {[%clk 0:09:37]}  Nxe4 {[%clk 0:13:03]} 13. Qxe4 {[%clk 0:09:34]}  f5 {[%clk 0:12:53]} 14. Qd5+ {[%clk 0:09:16]}  Kh8 {[%clk 0:12:52]} 15. a3 {[%clk 0:09:11]}  e4 {[%clk 0:12:32]} 16. Bc4 {[%clk 0:08:53]}  Bf6 {[%clk 0:11:57]} 17. d4 {[%clk 0:08:14]}  Ne7 {[%clk 0:11:42]} 18. Qd6 {[%clk 0:07:17]}  Rc8 {[%clk 0:11:16]} 19. Bb3 {[%clk 0:06:58]}  Bc6 {[%clk 0:10:43]} 20. Qxd8 {[%clk 0:06:44]}  Rcxd8 {[%clk 0:10:39]} 21. Ne2 {[%clk 0:05:15]}  Bxd4 {[%clk 0:09:50]} 22. Nxd4 {[%clk 0:05:16]}  Rxd4 {[%clk 0:09:53]} 23. Be3 {[%clk 0:05:11]}  Rdd8 {[%clk 0:09:06]} 24. Bxa7 {[%clk 0:05:14]}  Nd5 {[%clk 0:09:02]} 25. Bd4 {[%clk 0:04:49]}  Nf4 {[%clk 0:08:33]} 26. Be3 {[%clk 0:04:36]}  Nd5 {[%clk 0:08:35]} 27. Rad1 {[%clk 0:04:08]}  Nxe3 {[%clk 0:08:32]} 28. Rxd8 {[%clk 0:04:08]}  Rxd8 {[%clk 0:08:25]} 29. fxe3 {[%clk 0:04:11]}  g6 {[%clk 0:07:40]} 1/2-1/2

[Event "Rapid Tournament (RAP)"]
[Site "Biel, CH"]
[Date "2025.07.13"]
[Round "7"]
[White "Binggeli, Christian"]
[Black "Gillieron, Kevin (13882)"]
[Result "1-0"]
[Board "51"]
[WhiteFideId "1307622"]
[BlackFideId "1357778"]
[WhiteElo "1963"]
[BlackElo "1729"]
[WhiteTeam "SUI"]
[BlackTeam "SUI"]
[WhiteClock "0:06:29"]
[BlackClock "0:01:13"]
[Variant "Standard"]

1. d4 {[%clk 0:15:06]}  d5 {[%clk 0:15:09]} 2. Bg5 {[%clk 0:15:09]}  Nf6 {[%clk 0:15:08]} 3. Bxf6 {[%clk 0:15:12]}  exf6 {[%clk 0:15:12]} 4. e3 {[%clk 0:15:15]}  Bd6 {[%clk 0:15:14]} 5. c4 {[%clk 0:15:14]}  O-O {[%clk 0:14:19]} 6. cxd5 {[%clk 0:14:31]}  Bb4+ {[%clk 0:14:10]} 7. Nc3 {[%clk 0:14:05]}  Qxd5 {[%clk 0:14:10]} 8. Nf3 {[%clk 0:13:08]}  Qd8 {[%clk 0:13:20]} 9. Qb3 {[%clk 0:11:52]}  Qe7 {[%clk 0:12:02]} 10. Be2 {[%clk 0:11:03]}  b6 {[%clk 0:10:51]} 11. O-O {[%clk 0:10:38]}  Bb7 {[%clk 0:10:52]} 12. Nd5 {[%clk 0:10:10]}  Bxd5 {[%clk 0:09:34]} 13. Qxd5 {[%clk 0:10:13]}  c6 {[%clk 0:09:37]} 14. Qh5 {[%clk 0:09:49]}  Re8 {[%clk 0:07:50]} 15. Rac1 {[%clk 0:09:35]}  Qe4 {[%clk 0:06:13]} 16. Rfd1 {[%clk 0:09:04]}  g6 {[%clk 0:05:46]} 17. Qh3 {[%clk 0:08:55]}  c5 {[%clk 0:04:51]} 18. a3 {[%clk 0:08:38]}  cxd4 {[%clk 0:04:28]} 19. Rxd4 {[%clk 0:08:29]}  Qb7 {[%clk 0:03:42]} 20. Rxb4 {[%clk 0:08:16]}  Nc6 {[%clk 0:03:45]} 21. Rbc4 {[%clk 0:08:12]}  Rac8 {[%clk 0:03:42]} 22. b4 {[%clk 0:07:27]}  b5 {[%clk 0:03:21]} 23. Rc5 {[%clk 0:07:23]}  a6 {[%clk 0:03:24]} 24. Ne1 {[%clk 0:07:07]}  Red8 {[%clk 0:02:15]} 25. Bf3 {[%clk 0:06:44]}  Rd6 {[%clk 0:01:48]} 26. Nc2 {[%clk 0:06:35]}  Ne5 {[%clk 0:01:13]} 27. Qxc8+ {[%clk 0:06:29]} 1-0

[Event "Rapid Tournament (RAP)"]
[Site "Biel, CH"]
[Date "2025.07.13"]
[Round "7"]
[White "Haag, Walter"]
[Black "Wilhelm, Serge"]
[Result "0-1"]
[Board "52"]
[WhiteFideId "1332988"]
[BlackFideId "1305808"]
[WhiteElo "1722"]
[BlackElo "1947"]
[WhiteTeam "SUI"]
[BlackTeam "SUI"]
[WhiteClock "0:02:48"]
[BlackClock "0:05:08"]
[Variant "Standard"]

1. d4 {[%clk 0:15:09]}  Nf6 {[%clk 0:15:09]} 2. Nf3 {[%clk 0:15:07]}  e6 {[%clk 0:15:12]} 3. g3 {[%clk 0:15:10]}  b6 {[%clk 0:15:16]} 4. Bg2 {[%clk 0:15:14]}  Bb7 {[%clk 0:15:18]} 5. O-O {[%clk 0:15:16]}  Be7 {[%clk 0:15:17]} 6. c4 {[%clk 0:15:18]}  O-O {[%clk 0:15:18]} 7. Nc3 {[%clk 0:15:21]}  Na6 {[%clk 0:15:11]} 8. a3 {[%clk 0:15:07]}  c5 {[%clk 0:14:52]} 9. Bf4 {[%clk 0:13:47]}  d5 {[%clk 0:14:33]} 10. cxd5 {[%clk 0:13:16]}  Nxd5 {[%clk 0:14:30]} 11. Nxd5 {[%clk 0:13:15]}  Bxd5 {[%clk 0:14:23]} 12. e4 {[%clk 0:13:00]}  Bb7 {[%clk 0:13:19]} 13. Rc1 {[%clk 0:12:38]}  Rc8 {[%clk 0:12:56]} 14. e5 {[%clk 0:11:29]}  cxd4 {[%clk 0:11:47]} 15. Rxc8 {[%clk 0:11:16]}  Qxc8 {[%clk 0:11:44]} 16. Qxd4 {[%clk 0:11:08]}  Rd8 {[%clk 0:11:38]} 17. Qa4 {[%clk 0:09:53]}  Qa8 {[%clk 0:11:13]} 18. Nh4 {[%clk 0:09:43]}  Bxh4 {[%clk 0:10:26]} 19. Bxb7 {[%clk 0:09:42]}  Qxb7 {[%clk 0:10:29]} 20. gxh4 {[%clk 0:09:37]}  Nc5 {[%clk 0:10:26]} 21. Qb5 {[%clk 0:08:03]}  h5 {[%clk 0:07:48]} 22. Bg3 {[%clk 0:07:21]}  Qd7 {[%clk 0:07:16]} 23. Qxd7 {[%clk 0:06:35]}  Rxd7 {[%clk 0:07:20]} 24. b4 {[%clk 0:06:29]}  Nd3 {[%clk 0:06:32]} 25. f4 {[%clk 0:06:01]}  g6 {[%clk 0:06:21]} 26. Rd1 {[%clk 0:05:20]}  Nxe5 {[%clk 0:06:13]} 27. Rxd7 {[%clk 0:04:36]}  Nxd7 {[%clk 0:06:17]} 28. Kf2 {[%clk 0:04:34]}  b5 {[%clk 0:06:06]} 29. Ke3 {[%clk 0:04:31]}  Kf8 {[%clk 0:06:06]} 30. Be1 {[%clk 0:04:24]}  Ke7 {[%clk 0:06:04]} 31. Bc3 {[%clk 0:04:17]}  Kd6 {[%clk 0:06:04]} 32. Ke4 {[%clk 0:03:36]}  a6 {[%clk 0:05:47]} 33. Bd4 {[%clk 0:03:23]}  f5+ {[%clk 0:05:30]} 34. Ke3 {[%clk 0:03:22]}  e5 {[%clk 0:05:34]} 35. Bb2 {[%clk 0:03:15]}  e4 {[%clk 0:05:21]} 36. Kd4 {[%clk 0:03:07]}  Nb6 {[%clk 0:05:14]} 37. Kc3 {[%clk 0:02:47]}  Nd5+ {[%clk 0:05:10]} 38. Kd2 {[%clk 0:02:48]}  Nxf4 {[%clk 0:05:08]} 0-1

[Event "Rapid Tournament (RAP)"]
[Site "Biel, CH"]
[Date "2025.07.13"]
[Round "7"]
[White "Pardoen, Theodore"]
[Black "Flueckiger, Georg"]
[Result "1-0"]
[Board "53"]
[WhiteFideId "282480"]
[BlackFideId "1342592"]
[WhiteElo "1711"]
[BlackElo "1895"]
[WhiteTeam "BEL"]
[BlackTeam "SUI"]
[WhiteClock "0:10:49"]
[BlackClock "0:11:16"]
[Variant "Standard"]

1. e4 {[%clk 0:15:09]}  e5 {[%clk 0:15:09]} 2. Nf3 {[%clk 0:15:13]}  Nc6 {[%clk 0:15:13]} 3. Bb5 {[%clk 0:15:16]}  a6 {[%clk 0:15:17]} 4. Bxc6 {[%clk 0:15:15]}  dxc6 {[%clk 0:15:20]} 5. Nc3 {[%clk 0:15:17]}  Bd6 {[%clk 0:15:19]} 6. O-O {[%clk 0:15:10]}  Bg4 {[%clk 0:15:18]} 7. h3 {[%clk 0:15:05]}  Bh5 {[%clk 0:15:22]} 8. d3 {[%clk 0:14:56]}  Qf6 {[%clk 0:15:21]} 9. Bg5 {[%clk 0:14:14]}  Bxf3 {[%clk 0:13:34]} 10. Bxf6 {[%clk 0:14:16]}  Bxd1 {[%clk 0:13:37]} 11. Bxg7 {[%clk 0:14:18]}  Bxc2 {[%clk 0:13:38]} 12. Bxh8 {[%clk 0:14:02]}  f6 {[%clk 0:13:39]} 13. Rfe1 {[%clk 0:13:40]}  Bxd3 {[%clk 0:13:37]} 14. Re3 {[%clk 0:13:42]}  Kf7 {[%clk 0:13:39]} 15. Bxf6 {[%clk 0:13:33]}  Bb5 {[%clk 0:12:53]} 16. Nxb5 {[%clk 0:13:24]}  Nxf6 {[%clk 0:12:49]} 17. Nxd6+ {[%clk 0:13:12]}  cxd6 {[%clk 0:12:51]} 18. Rd1 {[%clk 0:12:59]}  Ke6 {[%clk 0:12:53]} 19. f3 {[%clk 0:12:44]}  Rg8 {[%clk 0:12:49]} 20. Rb3 {[%clk 0:12:37]}  b5 {[%clk 0:12:51]} 21. Ra3 {[%clk 0:12:36]}  Ra8 {[%clk 0:12:49]} 22. b4 {[%clk 0:12:35]}  d5 {[%clk 0:12:35]} 23. Rc3 {[%clk 0:12:21]}  Kd6 {[%clk 0:12:32]} 24. exd5 {[%clk 0:11:49]}  Nxd5 {[%clk 0:12:34]} 25. Kf2 {[%clk 0:11:34]}  a5 {[%clk 0:12:08]} 26. Ra3 {[%clk 0:11:10]}  a4 {[%clk 0:12:07]} 27. Rc3 {[%clk 0:10:50]}  Rf8 {[%clk 0:11:59]} 28. g3 {[%clk 0:10:49]}  Rf6 {[%clk 0:11:22]} 29. a3 {[%clk 0:10:48]}  Kc7 {[%clk 0:11:16]} 30. Rxd5 {[%clk 0:10:49]} 1-0

[Event "Rapid Tournament (RAP)"]
[Site "Biel, CH"]
[Date "2025.07.13"]
[Round "7"]
[White "Buerki, Gilles"]
[Black "Schaefer, Gion"]
[Result "1-0"]
[Board "54"]
[WhiteFideId "1313541"]
[BlackFideId "1362097"]
[WhiteElo "1879"]
[BlackElo "1696"]
[WhiteTeam "SUI"]
[BlackTeam "SUI"]
[WhiteClock "0:00:25"]
[BlackClock "0:00:24"]
[Variant "Standard"]

1. d4 {[%clk 0:15:05]}  Nf6 {[%clk 0:15:05]} 2. c4 {[%clk 0:15:07]}  e6 {[%clk 0:15:05]} 3. Nf3 {[%clk 0:15:09]}  d5 {[%clk 0:15:06]} 4. g3 {[%clk 0:15:13]}  c5 {[%clk 0:14:49]} 5. cxd5 {[%clk 0:15:15]}  exd5 {[%clk 0:14:51]} 6. Bg2 {[%clk 0:15:13]}  Nc6 {[%clk 0:14:21]} 7. O-O {[%clk 0:15:11]}  Be6 {[%clk 0:14:25]} 8. Nc3 {[%clk 0:15:00]}  Be7 {[%clk 0:14:23]} 9. dxc5 {[%clk 0:13:21]}  Bxc5 {[%clk 0:14:26]} 10. e3 {[%clk 0:13:18]}  Ne4 {[%clk 0:14:02]} 11. Ne2 {[%clk 0:12:10]}  Bd6 {[%clk 0:13:29]} 12. Ned4 {[%clk 0:11:42]}  Bg4 {[%clk 0:12:55]} 13. Qb3 {[%clk 0:11:30]}  Nxd4 {[%clk 0:07:29]} 14. Nxd4 {[%clk 0:11:15]}  Bc5 {[%clk 0:05:08]} 15. Bxe4 {[%clk 0:10:18]}  Bxd4 {[%clk 0:05:08]} 16. Bxd5 {[%clk 0:10:14]}  Bb6 {[%clk 0:03:54]} 17. Bxf7+ {[%clk 0:10:13]}  Kf8 {[%clk 0:03:53]} 18. Bd5 {[%clk 0:09:34]}  h5 {[%clk 0:03:46]} 19. Qb4+ {[%clk 0:09:18]}  Ke8 {[%clk 0:03:32]} 20. Qe4+ {[%clk 0:09:07]}  Kf8 {[%clk 0:03:28]} 21. Bd2 {[%clk 0:09:06]}  Bc5 {[%clk 0:03:23]} 22. Bc3 {[%clk 0:08:47]}  Qd7 {[%clk 0:02:51]} 23. Bxb7 {[%clk 0:07:54]}  Re8 {[%clk 0:02:41]} 24. Qd5 {[%clk 0:07:44]}  Qc7 {[%clk 0:02:07]} 25. Rac1 {[%clk 0:07:18]}  Be6 {[%clk 0:02:05]} 26. Qc6 {[%clk 0:07:03]}  Qe7 {[%clk 0:01:54]} 27. Qf3+ {[%clk 0:06:37]}  Kg8 {[%clk 0:01:39]} 28. Bd5 {[%clk 0:06:34]}  Rf8 {[%clk 0:01:35]} 29. Bxe6+ {[%clk 0:06:31]}  Qxe6 {[%clk 0:01:39]} 30. Qb7 {[%clk 0:06:05]}  Rf7 {[%clk 0:01:36]} 31. Qb8+ {[%clk 0:05:16]}  Bf8 {[%clk 0:01:28]} 32. b3 {[%clk 0:05:11]}  h4 {[%clk 0:01:29]} 33. Qe5 {[%clk 0:04:56]}  Qh3 {[%clk 0:01:09]} 34. f3 {[%clk 0:03:20]}  Re7 {[%clk 0:00:38]} 35. Qf4 {[%clk 0:02:43]}  Rxe3 {[%clk 0:00:18]} 36. Qxe3 {[%clk 0:02:25]}  hxg3 {[%clk 0:00:22]} 37. Rc2 {[%clk 0:01:57]}  gxh2+ {[%clk 0:00:18]} 38. Kf2 {[%clk 0:01:52]}  h1=Q {[%clk 0:00:03]} 39. Rxh1 {[%clk 0:01:40]}  Qxh1 {[%clk 0:00:14]} 40. Qe6+ {[%clk 0:01:39]}  Kh7 {[%clk 0:00:17]} 41. Ke2 {[%clk 0:00:41]}  Bc5 {[%clk 0:00:11]} 42. Qf5+ {[%clk 0:00:30]}  Kh6 {[%clk 0:00:14]} 43. Qxc5 {[%clk 0:00:27]}  Re8+ {[%clk 0:00:17]} 44. Be5 {[%clk 0:00:18]}  Qg2+ {[%clk 0:00:17]} 45. Kd3 {[%clk 0:00:21]}  Qf1+ {[%clk 0:00:20]} 46. Kc3 {[%clk 0:00:24]}  Qxf3+ {[%clk 0:00:19]} 47. Kb2 {[%clk 0:00:23]}  Qf5 {[%clk 0:00:19]} 48. Rh2+ {[%clk 0:00:30]}  Kg6 {[%clk 0:00:21]} 49. Rg2+ {[%clk 0:00:31]}  Kh7 {[%clk 0:00:23]} 50. Bd4 {[%clk 0:00:18]}  Qf3 {[%clk 0:00:17]} 51. Rxg7+ {[%clk 0:00:21]}  Kh6 {[%clk 0:00:10]} 52. Qd6+ {[%clk 0:00:19]}  Kh5 {[%clk 0:00:22]} 53. Qg6+ {[%clk 0:00:21]}  Kh4 {[%clk 0:00:24]} 54. Rh7+ {[%clk 0:00:25]} 1-0